Sử dụng côn trùng và vi sinh vật có ích
Guardat en:
| Autor principal: | |
|---|---|
| Format: | Llibre |
| Idioma: | Undetermined |
| Publicat: |
Hà Nội
Nông Nghiệp
2002
|
| Matèries: | |
| Etiquetes: |
Afegir etiqueta
Sense etiquetes, Sigues el primer a etiquetar aquest registre!
|
| Thư viện lưu trữ: | Trung tâm Học liệu Trường Đại học Cần Thơ |
|---|
| LEADER | 00573nam a2200193Ia 4500 | ||
|---|---|---|---|
| 001 | CTU_58653 | ||
| 008 | 210402s9999 xx 000 0 und d | ||
| 020 | |b 71000 | ||
| 082 | |a 660.63 | ||
| 082 | |b M108 | ||
| 100 | |a Trần, Văn Mão | ||
| 245 | 0 | |a Sử dụng côn trùng và vi sinh vật có ích | |
| 245 | 0 | |c Trần Văn Mão | |
| 260 | |a Hà Nội | ||
| 260 | |b Nông Nghiệp | ||
| 260 | |c 2002 | ||
| 650 | |a Plants, protection of,Microorganisms as biological | ||
| 904 | |i Minh | ||
| 980 | |a Trung tâm Học liệu Trường Đại học Cần Thơ | ||